| 000 | 00862nam a2200289 i 4500 | ||
|---|---|---|---|
| 003 | EG-ScBUE | ||
| 005 | 20240317111346.0 | ||
| 008 | 161120t2014 e a f 001 0 eng d | ||
| 020 | _a9781780225647 | ||
| 040 |
_aEG-ScBUE _beng _erda _cEG-ScBUE _dEG-ScBUE |
||
| 082 | 0 | 4 |
_222 _a940.54 _bBEE |
| 100 | 1 |
_aBeevor, Antony, _eauthor. |
|
| 245 | 1 | 4 |
_aThe Second World War / _cAntony Beevor. |
| 264 | 1 |
_aLondon : _bPhoenix, _c2014. |
|
| 300 |
_axvii, 994 pages : _billustrations ; _c20 cm |
||
| 336 |
_2rdacontent _atext _btxt |
||
| 337 |
_aunmediated _2rdamedia _bn |
||
| 338 |
_avolume _bnc _2rdacarrier |
||
| 500 | _aIncludes index. | ||
| 590 | _aSuzan Ashmawy | ||
| 650 | 7 |
_2BUEsh _aWorld War _y1939-1945. |
|
| 650 | 7 |
_2BUEsh _aSino-Japanese War _y1937-1945. |
|
| 651 | _2BUEsh | ||
| 653 |
_bBUSBOL _cNovember2016 |
||
| 655 | _vReading book | ||
| 942 |
_2ddc _cBB |
||
| 999 |
_c23185 _d23157 |
||